Finanzas públicas y economía espacial (Registro nro. 5590)
[ vista simple ]
| 000 -LEADER | |
|---|---|
| fixed length control field | 01832 a2200205 4500 |
| 001 - CONTROL NUMBER | |
| control field | 54504 |
| 005 - DATE AND TIME OF LATEST TRANSACTION | |
| control field | 20260407155817.0 |
| 008 - FIXED-LENGTH DATA ELEMENTS--GENERAL INFORMATION | |
| fixed length control field | 260407a1995 arg spa d |
| 003 - CONTROL NUMBER IDENTIFIER | |
| control field | AR-UNSa-BCEJYS |
| 040 ## - CATALOGING SOURCE | |
| Original cataloging agency | AR-UNSa-BCEJYS |
| Language of cataloging | spa |
| Transcribing agency | AR-UNSa-BCEJYS |
| 080 ## - UNIVERSAL DECIMAL CLASSIFICATION NUMBER | |
| Universal Decimal Classification number | 336.1 |
| Common auxiliary subdivision | Finanzas Públicas. Finanzas del gobierno en general<br/> <br/> |
| 041 ## - LANGUAGE CODE | |
| Language code of text/sound track or separate title | spa |
| 100 1# - MAIN ENTRY--PERSONAL NAME | |
| Personal name | Porto, Alberto |
| 245 10 - TITLE STATEMENT | |
| Title | Finanzas públicas y economía espacial |
| 264 #1 - PRODUCTION, PUBLICATION, DISTRIBUTION, MANUFACTURE, AND COPYRIGHT NOTICE | |
| Place of production, publication, distribution, manufacture | La Plata : |
| Name of producer, publisher, distributor, manufacturer | Universidad Nacional de la Plata. Facultad de Ciencias Económicas |
| Date of production, publication, distribution, manufacture, or copyright notice | 1995 |
| 300 ## - PHYSICAL DESCRIPTION | |
| Extent | 265 p, |
| Dimensions | 22 cm. |
| 505 ## - FORMATTED CONTENTS NOTE | |
| Formatted contents note | ECONOMÍA ESPACIAL - I. Indicadores de desarrollo regional en la República Argentina: Resultados preliminares - II. Indicadores de desarrollo regional de la República Argentina.Más de dos décadas después - III. Integración social, productividad y políticas distributivas: Un análisis exploratorio - IV. Convergencia entre regiones.Algunos resultados empíricos para la Argentina, 1953-1980 - FINANZAS PÚBLICAS - I. Descentralización fiscal: Algunas lecciones para Latinoamérica - II. Alternativas de sustitución del impuesto a los ingresos brutos,disparidades regionales y evaluación de equilibrio general - III. Medidas de equidad y política fiscal: Teoría y una aplicación - IV. Impuestos ambientales óptimos y la tributación diferencial de las naftas con o sin plomo - V. Análisis económicos de las garantías establecidas por el proyecto de la ley nacional del sistema integrado de jubilaciones y pensiones - VI. Federalismo fiscal: una revisión de la literatura sobre asignación de potestades fiscales - VII. Elementos para una discusión pendiente: el federalismo fiscal - VIII. Evasión impositiva y corrupción: un tratamiento integrador de dos modelos alternativos |
| 590 ## - LOCAL NOTE (RLIN) | |
| Local note | niveau_biblio:m niveau_hierar:0 |
| 942 ## - ADDED ENTRY ELEMENTS (KOHA) | |
| Koha item type | |
| Withdrawn status | Lost status | Damaged status | Not for loan | Home library | Current library | Shelving location | Date acquired | Total checkouts | Full call number | Barcode | Date last seen | Price effective from | Koha item type |
|---|---|---|---|---|---|---|---|---|---|---|---|---|---|
| Biblioteca Prof. Eusebio Cleto del Rey | Biblioteca Prof. Eusebio Cleto del Rey | 07/04/2026 | 336.1 P839 | L65169 | 07/04/2026 | 07/04/2026 | Libro |